|
|
|
|
| LEADER |
00000nam0a2200000 4500 |
| 001 |
134787 |
| 005 |
20231101220517.0 |
| 035 |
|
|
|a (RuTPU)RU\TPU\book\146096
|
| 035 |
|
|
|a RU\TPU\book\146094
|
| 090 |
|
|
|a 134787
|
| 100 |
|
|
|a 20080404d1976 m y0rusy50 ca
|
| 101 |
0 |
|
|a rus
|
| 102 |
|
|
|a RU
|
| 105 |
|
|
|a a z 001zy
|
| 200 |
1 |
|
|a Геология, поиски и разведка рудных месторождений
|e [межвузовский сборник]
|h Вып. 3
|f Иркутский политехнический институт (ИрПИ) ; под ред. С. А. Вахромеев
|
| 210 |
|
|
|a Иркутск
|c ИПИ
|d 1976
|
| 215 |
|
|
|a 252 с.
|c ил.
|
| 610 |
1 |
|
|a геология
|
| 610 |
1 |
|
|a поиски
|
| 610 |
1 |
|
|a разведка
|
| 610 |
1 |
|
|a рудные месторождения
|
| 610 |
1 |
|
|a сборники
|
| 675 |
|
|
|a 553.3/.4
|v 3
|
| 702 |
|
1 |
|a Вахромеев
|b С. А.
|c геолог
|c доктор геолого-минералогических наук, профессор Иркутского политехнического института
|f 1899-1984
|g Сергей Андреевич
|2 stltpush
|3 (RuTPU)RU\TPU\pers\12610
|4 340
|9 3569
|
| 712 |
0 |
2 |
|a Иркутский политехнический институт (ИрПИ)
|c (1960-1993)
|2 stltpush
|3 (RuTPU)RU\TPU\col\233
|
| 801 |
|
1 |
|a RU
|b 63413507
|c 20080404
|g PSBO
|
| 801 |
|
2 |
|a RU
|b 63413507
|c 20220316
|g PSBO
|
| 942 |
|
|
|c BK
|